| 000 | 00407nam a22001457a 4500 | ||
|---|---|---|---|
| 003 | OSt | ||
| 005 | 20251014100009.0 | ||
| 008 | 251014b |||||||| |||| 00| 0 eng d | ||
| 020 | _a9966221735 | ||
| 040 | _cJOMO KENYATTA FOUNDATION | ||
| 050 | _aPL 8701 .M33 2000 | ||
| 245 |
_aMWENDAWZIMU NA HADITHI NYINGINE _cMWENDA MBATIAH |
||
| 260 |
_aNAIROBI, KENYA _bJOMO KENYATTA FOUNDATION _c2000 |
||
| 942 |
_2ddc _cBK _n0 |
||
| 999 |
_c9595 _d9595 |
||